Second language learning theories / (Record no. 20523)

MARC details
000 -LEADER
fixed length control field 01085cam a22003255a 4500
001 - CONTROL NUMBER
control field 11305558
003 - CONTROL NUMBER IDENTIFIER
control field EG-ScBUE
005 - DATE AND TIME OF LATEST TRANSACTION
control field 20220427113040.0
008 - FIXED-LENGTH DATA ELEMENTS--GENERAL INFORMATION
fixed length control field 120510s2013 enka f bd 1 0 eng d
020 ## - INTERNATIONAL STANDARD BOOK NUMBER
International Standard Book Number 9781444163100
040 ## - CATALOGING SOURCE
Original cataloging agency NhCcYBP
Language of cataloging eng
Description conventions rda
Transcribing agency NhCcYBP
Modifying agency EG-ScBUE
082 04 - DEWEY DECIMAL CLASSIFICATION NUMBER
Classification number 418
Item number MIT
Edition number 22
100 1# - MAIN ENTRY--PERSONAL NAME
Personal name Mitchell, Rosamond,
Relator term author.
9 (RLIN) 38371
245 10 - TITLE STATEMENT
Title Second language learning theories /
Statement of responsibility, etc Rosamond Mitchell, Florence Myles, Emma Marsden.
250 ## - EDITION STATEMENT
Edition statement Third edition.
264 #1 - PUBLICATION, DISTRIBUTION, ETC. (IMPRINT)
Place of publication, distribution, etc London ;
-- New York :
Name of publisher, distributor, etc Routledge,
Date of publication, distribution, etc 2013.
300 ## - PHYSICAL DESCRIPTION
Extent xvii, 379 pages :
Other physical details illustrations ;
Dimensions 24 cm
336 ## - CONTENT TYPE
Source rdacontent
Content type term text
Content type code txt
337 ## - MEDIA TYPE
Source rdamedia
Media type term unmediated
Media type code n
338 ## - CARRIER TYPE
Source rdacarrier
Carrier type term volume
Carrier type code nc
500 ## - GENERAL NOTE
General note Includes glossary.<br/>
504 ## - BIBLIOGRAPHY, ETC. NOTE
Bibliography, etc Includes bibliographical references and index.<br/>
650 #7 - SUBJECT ADDED ENTRY--TOPICAL TERM
9 (RLIN) 5392
Topical term or geographic name as entry element Second language acquisition.
Source of heading or term BUEsh
651 ## - SUBJECT ADDED ENTRY--GEOGRAPHIC NAME
Source of heading or term BUEsh
653 ## - INDEX TERM--UNCONTROLLED
Arrived date list August2015
Resource For college Humanities: English
655 ## - INDEX TERM--GENRE/FORM
Form subdivision Reading book
9 (RLIN) 34232
700 1# - ADDED ENTRY--PERSONAL NAME
Personal name Myles, Florence,
Relator term author.
9 (RLIN) 41108
700 1# - ADDED ENTRY--PERSONAL NAME
Personal name Marsden, Emma,
Relator term author.
942 ## - ADDED ENTRY ELEMENTS (KOHA)
Source of classification or shelving scheme Dewey Decimal Classification
Call number prefix 418 MIT
Koha item type Book - Borrowing
Holdings
Withdrawn status Lost status Source of classification or shelving scheme Damaged status Not for loan Collection code Home library Current library Shelving location Date acquired Source of acquisition Cost, normal purchase price Serial Enumeration / chronology Total Checkouts Total Renewals Full call number Barcode Date last seen Date checked out Cost, replacement price Koha item type
    Dewey Decimal Classification     Baccah Central Library Central Library Second Floor 16/08/2015   288.00 21782 1 1 418 MIT 000030763 15/07/2025 27/11/2018 360.00 Book - Borrowing